Word Ladder: Picasso Quiz Stats

 Plays Quiz Updated May 27, 2015

Challenge
Share
Tweet
Embed
Score 0/21 Timer 02:00
0 Plays Today
Hint 4-Letter Word % Correct
❋ Rubik's shape ❋🎨 CUBE 🎨
99.3%
Disease remedyCURE
96.7%
Schindler's or shoppingLIST
95.8%
MissingLOST
94.8%
Poppy or sesameSEED
94.8%
Viewed, watchedSEEN
94.4%
Hourglass fillerSAND
94.2%
Put out an email or letterSEND
94.1%
Opposite of softHARD
93.7%
It begins at your wristHAND
93.5%
Connery or BeanSEAN
93.3%
Hint 4-Letter Word % Correct
Leopard markingSPOT
92.4%
Head and shoulders sculptureBUST
91.6%
❋ Measurement of three feet ❋🎨 YARD 🎨
91.4%
Abruptly brief, even rudeCURT
89.1%
Captured treasureLOOT
89%
Mr. Reynolds of 'Deliverance'BURT
88.1%
Coal byproductSOOT
88%
Brief quarrelSPAT
88%
❋ German word for 'are': du ____🎨 BIST 🎨
87.7%
❋ Length of time ❋🎨 SPAN 🎨
85.6%

Today's Daily Dose

You're not logged in!

Compare scores with friends on all Sporcle quizzes.
OR
Log In

You Might Also Like...

Show Comments

Extras

Top Quizzes Today


Score Distribution

Your Account Isn't Verified!

In order to create a playlist on Sporcle, you need to verify the email address you used during registration. Go to your Sporcle Settings to finish the process.

Report this User

Report this user for behavior that violates our Community Guidelines.

Details: